000
00298nam a22001337a 4500
008
170629b xxu||||| |||| 00| 0 eng d
020
_a
9780075577348
041
_a
eng
080
_2
2ND
_a
82
100
_a
22
101
_a
GJL
245
_a
A RHETORIC OF ARGUMENT
_c
FAHNESTOCK,J
942
_2
udc
_c
BK
999
_c
19551
_d
19551